200 Most Popular Baby Girl Names Starting with F (2020) - Statistics

General Stats
  • This quiz has been taken 8,548 times
    6,985 since last reset
  • The average score is 59 of 200
Answer Stats
Name % Correct
Fae
95%
Fay
95%
Faye
95%
Fe
95%
Fianna
85%
Fiona
85%
Fionna
85%
Flor
85%
Frances
85%
Francis
85%
Flora
77%
Francesca
71%
Franceska
71%
Franchesca
71%
Francheska
71%
Florence
70%
Faith
67%
Faithe
67%
Fannie
67%
Fanny
67%
Fany
67%
Fara
67%
Farah
67%
Farra
67%
Farrah
67%
Fayth
67%
Faythe
67%
Ferrah
67%
Felicity
65%
Fraeya
65%
Fraya
65%
Freja
65%
Freya
65%
Freyah
65%
Freyja
65%
Fatema
59%
Fatima
59%
Fatimah
59%
Fotima
59%
Freda
59%
Freeda
59%
Freida
59%
Frida
59%
Frieda
59%
Frankee
58%
Franki
58%
Frankie
58%
Felicia
54%
Felisa
54%
Finn
53%
Findley
50%
Finlay
50%
Finlee
50%
Finleigh
50%
Finley
50%
Finnlee
50%
Finnleigh
50%
Finnley
50%
Fynlee
50%
Fynnlee
50%
Fern
49%
Ferne
49%
Francine
46%
Fia
42%
Fiadh
42%
Fallon
39%
Fallyn
39%
Fallynn
39%
Falon
39%
Falyn
39%
Falynn
39%
Fawn
37%
Fina
36%
Fauna
33%
Freddie
33%
Flynn
31%
Fox
31%
Free
30%
Faya
29%
Fira
28%
Filippa
26%
Fabiana
25%
Fabianna
25%
Felix
25%
Fernanda
24%
Flavia
24%
Francisca
23%
Faeryn
22%
Farren
22%
Farrin
22%
Farryn
22%
Faryn
22%
Forest
22%
Forrest
22%
Freedom
21%
Fanta
20%
Felice
20%
Fala
19%
Flossie
19%
Franklin
19%
Franklyn
19%
Fabiola
18%
Favor
18%
Favour
18%
Florencia
18%
Fareeha
17%
Farhiya
17%
Fariha
17%
Farris
17%
Ferris
17%
Francie
17%
Fenna
16%
Filomena
16%
Fiora
15%
Fancy
14%
Flory
14%
Foster
14%
Fable
13%
Faelyn
13%
Faelynn
13%
Fayelynn
13%
Faylinn
13%
Faylynn
13%
Florentina
13%
Fama
12%
Federica
12%
Femi
12%
Fraida
12%
Frayda
12%
Faithlyn
11%
Faithlynn
11%
Francia
11%
Fareeda
10%
Fareedah
10%
Farida
10%
Faridah
10%
Fergie
10%
Fiorella
10%
Fortune
10%
Fatou
9%
Fenix
9%
Fletcher
9%
Floriana
9%
Fatma
8%
Fisher
8%
Faduma
7%
Fadumo
7%
Fatimata
7%
Fatmata
7%
Fatouma
7%
Fatoumata
7%
Fatuma
7%
Fatumata
7%
Feather
7%
Finola
7%
Fionnuala
7%
Faigy
6%
Faiza
6%
Faizah
6%
Faustina
6%
Fendi
6%
Fatiha
5%
Fedora
5%
Forever
5%
Faiga
4%
Feiga
4%
Feliciana
4%
Felicie
4%
Falak
3%
Falaq
3%
Fayrouz
3%
Fiza
3%
Flannery
3%
Fradel
3%
Frady
3%
Fraidy
3%
Freidy
3%
Frimet
3%
Fajr
2%
Fedra
2%
Francella
2%
Frimmy
2%
Frimy
2%
Fabeha
1%
Fabiha
1%
Faith-Marie
1%
Farisha
1%
Fariza
1%
Farzona
1%
Fatimatou
1%
Fatima Zahra
1%
Fenan
1%
Feven
1%
Furaha
1%
Fahmida
0%
Faryal
0%
Filza
0%
Fiyinfoluwa
0%
Folasade
0%
Francely
0%
No matching quizzes found
Score Distribution
Percent of People with Each Score
Percentile by Number Answered
Your Score History
You have not taken this quiz since the last reset